Polyisocyanates in bonding (Record no. 65249)

MARC details
000 -LEADER
fixed length control field 00319nam a2200133Ia 4500
100 ## - MAIN ENTRY--AUTHOR NAME
Personal name Meyrick T J
245 #0 - TITLE STATEMENT
Title Polyisocyanates in bonding
260 ## - PUBLICATION, DISTRIBUTION, ETC. (IMPRINT)
Name of publisher IRI Transactions
Year of publication 1949
300 ## - PHYSICAL DESCRIPTION
Number of Pages 150-166
650 ## - SUBJECT ADDED ENTRY--TOPICAL TERM
Topical Term Polyisocyanates
700 ## - ADDED ENTRY--PERSONAL NAME
Personal name Watts J T
942 ## - ADDED ENTRY ELEMENTS (KOHA)
Koha item type Journals
Holdings
Withdrawn status Lost status Damaged status Not for loan Home library Current library Shelving location Date acquired Serial Enumeration / chronology Koha item type
      Journals RRII Library RRII Library Rubber chemistry 17/12/2021 Volume 25, Issue 3 Journals